Lin Tse-hsu /

Depicts the Chinese people's heroic resistance to British imperialism in the Opium War of 1840.

Bibliographic Details
Corporate Authors: Shanghai hai yan ying pian chang, China Video Movies Distributing Co
Other Authors: Zhao, Dan, Zheng, Junli, Cen, Fan
Format: Video VHS
Language:Chinese
Published: Palo Alto, CA : China Video Movies, [1983?]
Series:China video movies.
Subjects:

MARC

Tag First Indicator Second Indicator Subfields
LEADER 00000cgm a2200000 a 4500
001 in00000025031
005 20160113105614.0
007 vf cbaho-
008 860408p19831959xxu107 g vlchi d
035 |a (OCoLC)13407708 
035 |9 AAB9006AM 
040 |a WCM  |c WCM  |d m/c  |d TXA  |d UtOrBLW 
041 |a chi  |j eng 
049 |a TXAV [A10162437] 
090 |a PN1995.9.F67  |b L56 1983 
245 0 0 |a Lin Tse-hsu /  |c Shanghai Haiyen Film Studio ; directed by Cheng Chun-li and Tsen Fan ; screenplay by Yeh Yuan. 
264 1 |a Palo Alto, CA :  |b China Video Movies,  |c [1983?] 
300 |a 1 videocassette (107 min.) :  |b sound, color ;  |c 1/2 in. 
336 |a two-dimensional moving image  |b tdi  |2 rdacontent 
337 |a video  |b v  |2 rdamedia 
338 |a videocassette  |b vf  |2 rdacarrier 
490 1 |a China video movies 
538 |a VHS format. 
511 1 |a Chao Tan. 
500 |a Videocassette release of the 1959 motion picture. 
500 |a Chinese with English subtitles. 
521 |a Chinese. 
520 |a Depicts the Chinese people's heroic resistance to British imperialism in the Opium War of 1840. 
500 |a "1045." 
500 |a Videorecording. 
651 0 |a China  |x History  |y Opium War, 1840-1842. 
650 0 |a Foreign films. 
650 0 |a Historical films. 
650 0 |a Feature films. 
700 1 |a Zhao, Dan. 
700 1 |a Zheng, Junli. 
700 1 |a Cen, Fan. 
710 2 |a Shanghai hai yan ying pian chang. 
710 2 |a China Video Movies Distributing Co. 
830 0 |a China video movies. 
999 |a MARS 
999 f f |s 134c23ac-2bcd-32bf-b99e-a7ff1aadf822  |i 6dd15fa8-7aee-3dce-81df-b8b9586a3b31  |t 0 
952 f f |p ric  |a Texas A&M University  |b Rellis Campus  |c Joint Library Facility  |d Remote Storage  |t 0  |e PN1995.9.F67 L56 1983  |h Library of Congress classification  |i video -- videocassette  |m A14810162437 
998 f f |a PN1995.9.F67 L56 1983  |t 0  |l Remote Storage